Clic Les états de décès des présidents américains - Statistiques

Statistiques générales
  • Ce quiz a été pris 8 fois
  • Le résultat moyen est 7 sur 39
Statistiques - réponses
Hint Réponse % Correct
Abraham Lincoln District de Columbia
67%
Ronald Reagan Californie
50%
William H. Harrison District de Columbia
50%
Franklin Pierce New Hampshire
33%
William McKinley New York
33%
Andrew Jackson Tennessee
33%
John Fitzgerald Kennedy Texas
33%
Lyndon B. Johnson Texas
33%
George H. W. Bush Texas
33%
Thomas Jefferson Virginie
33%
James Madison Virginie
33%
Richard Nixon District de Columbia
17%
Dwight D. Eisenhower District de Columbia
17%
John Quincy Adams District de Columbia
17%
William Howard Taft District de Columbia
17%
Woodrow Wilson District de Columbia
17%
Zachary Taylor District de Columbia
17%
John Adams Massachusetts
17%
Harry S. Truman Missouri
17%
James A. Garfield New Jersey
17%
Grover Cleveland New Jersey
17%
James Monroe New York
17%
Theodore Roosevelt New York
17%
Martin Van Buren New York
17%
Millard Fillmore New York
17%
James Buchanan Pennsylvanie
17%
Andrew Johnson Tennessee
17%
George Washington Virginie
17%
Warren G. Harding Californie
0%
Gerald Ford Californie
0%
Franklin Delano Roosevelt Géorgie
0%
Calvin Coolidge Massachusetts
0%
Ulysses S. Grant New York
0%
Chester A. Arthur New York
0%
Herbert Hoover New York
0%
Rutherford B. Hayes Ohio
0%
Benjamin Harrison Ohio
0%
James K. Polk Tennessee
0%
John Tyler Virginie
0%
Aucun quiz correspondant
Distribution des résultats
% des personnes avec chaque résultat
Percentile par nombre de réponses
Votre historique - résultats
Vous n’avez pas pris ce quiz